Fruit du démon One Piece - Statistiques

Statistiques générales
  • Ce quiz a été pris 1 347 fois
  • Le résultat moyen est 13 sur 15
Statistiques - réponses
Question Réponse % Correct
Bara Bara No Mi : Fruit de la Fragmentation Baggy le Clown
100%
Bane Bane No Mi : Fruit du ressort Bellamy
98%
Pika Pika No Mi : Fruit de la Lumière Kizaru
98%
Magu Magu No Mi : Fruit du Magma Akainu
97%
Neko Neko No Mi : Fruit du félin, modèle léopard Lucci
97%
Doku Doku No Mi : Fruit du poison Magellan
96%
Mero Mero No Mi : Fruit de la Passion Boa
94%
Moku Moku No Mi : Fruit Fumigène Smoker
92%
Giro Giro No Mi : Fruit du regard Viola
92%
Horo Horo No Mi : Fruit de l'Ectoplasme Perona
90%
Hana Hana No Mi : Fruit des éclosions Robin
89%
Soru Soru No Mi : Fruit des âmes Big Mom
78%
Mane Mane No Mi : Travesti Fruit Bonclay
76%
Chiyu Chiyu No Mi : Fruit de la Guérison Manshelly
75%
Bari Bari No Mi : Fruit de la barrière Bartolomeo
70%
Aucun quiz correspondant
Distribution des résultats
% des personnes avec chaque résultat
Percentile par nombre de réponses
Votre historique - résultats
Vous n’avez pas pris ce quiz